000 00377nam a22001217a 4500
082 _a200 THE
100 _aFarwa Kazmi
_915746
245 _aTH-SOF-1500-Role Detection in Terrorist Network Using Supervised Learning
260 _aISLAMABAD
_bNUST COLLEGE OF EME
_c2018
650 _aMS-CSE-15 MSTHESIS
_969366
700 _aSupervisor Dr. Wasi Haider Butt
_969491
942 _cCF
999 _c576845
_d576845